| 000 | 00920nam a2200229 4500 | ||
|---|---|---|---|
| 001 | 112998 | ||
| 003 | ES-MaACL | ||
| 005 | 20250816045612.0 | ||
| 007 | t| | ||
| 008 | 061121s1950 it r ||||1| spa d | ||
| 245 | 0 | 4 |
_aLos museos de escultura egipcio y etrusco de la Ciudad del Vaticano / _ctexto revisado por la Dirección General de los Museos y de las Galerías Pontificias. |
| 260 |
_aRoma : _bEnte provinciale per il turismo, _c1950. |
||
| 300 |
_a32 p. : _bil. ; _c17 cm. |
||
| 490 | 1 | _aPequeña guía de los museos y de las galerías de Roma | |
| 650 | 7 |
_aEscultura egipcia _2embne _9136051 |
|
| 650 | 7 |
_aEscultura etrusca _2embne _9173296 |
|
| 650 |
_aMuseos- _zCiudad del Vaticano. _915365 |
||
| 710 | 2 |
_aEnte provinciale per il turismo (Roma) _93480 |
|
| 830 | 1 |
_aPequeña guía de los museos y de las galerías de Roma _9181931 |
|
| 852 |
_aES-MaACL _j1939-F-2 |
||
| 999 |
_c112998 _d112998 |
||